| 000 | 00582nam a2200181Ia 4500 | ||
|---|---|---|---|
| 003 | GCL | ||
| 005 | 20240530103817.0 | ||
| 008 | 140319s9999 xx 000 0 ara d | ||
| 040 |
_aGCL / _cGCL |
||
| 082 | 0 | 4 |
_a375.001/ _bف م |
| 100 | 0 | _aفايز مراد مينا | |
| 245 | 1 | 0 |
_aمناهج التعليم فى الوطن العربى بين الجمود والتجديد / _cفايز مراد مينا |
| 260 |
_aالكويت : _bدار سعاد الصباح ، _c1992. |
||
| 300 | _a146 | ||
| 650 | 0 | 4 | _aالتربية |
| 650 | 0 | 4 | _aالوطن العربى |
| 942 |
_2ddc _cBK |
||
| 999 |
_c42672 _d42672 |
||